000 00472pab a2200193 454500
008 180718b2006 xxu||||| |||| 00| 0 eng d
100 _aAnderson, Edward
245 _aGloblization, co-operation costs, and wage inequalities
260 _c2006
300 _ap.569-95.
362 _aOct.
650 _aGlobalization
650 _aWages
700 _aWood,Adrian
700 _aTang, Paul J. G.
773 _aOxford Economic Papers
908 _aN
909 _a72712
999 _c72712
_d72712